Types of Fruit - Statistics

General Stats
  • This quiz has been taken 65 times
  • The average score is 23 of 28
Answer Stats
Picture Answer % Correct
apple
100%
banana
98%
blueberry
98%
coconut
98%
kiwi
98%
pear
98%
avocado
97%
cherry
97%
lime
97%
pineapple
97%
strawberry
97%
watermelon
97%
lemon
95%
raspberry
95%
orange
91%
peach
90%
grapes
86%
grapefruit
79%
honeydew
78%
papaya
74%
pomegranate
71%
cantaloupe
67%
fig
67%
plum
60%
apricot
59%
mandarin
57%
melon
45%
quince
34%
No matching quizzes found
Score Distribution
Percent of People with Each Score
Percentile by Number Answered
Your Score History
You have not taken this quiz